Nối tiếp và tiêu năng hạ lưu công trình tháo nước
Sách trình bày tóm tắt lý luận cơ bản về nước chảy và nối tiếp dòng chảy giữa thượng hạ lưu công trình, tiêu năng ở hạ lưu với nhiều hình thức khác nhau và một số kiến thức tổng quát về xói không không dự báo trước....
Kaydedildi:
| Yazar: | |
|---|---|
| Materyal Türü: | Kitap |
| Dil: | Undetermined |
| Baskı/Yayın Bilgisi: |
Hà Nội
Xây Dựng
2003
|
| Konular: | |
| Etiketler: |
Etiketle
Etiket eklenmemiş, İlk siz ekleyin!
|
| Thư viện lưu trữ: | Trung tâm Học liệu Trường Đại học Cần Thơ |
|---|
| LEADER | 00950nam a2200205Ia 4500 | ||
|---|---|---|---|
| 001 | CTU_56995 | ||
| 008 | 210402s9999 xx 000 0 und d | ||
| 020 | |b 14000 | ||
| 082 | |a 627.54 | ||
| 082 | |b Qu600 | ||
| 100 | |a Phạm, Ngọc Quý | ||
| 245 | 0 | |a Nối tiếp và tiêu năng hạ lưu công trình tháo nước | |
| 245 | 0 | |c Phạm Ngọc Quý | |
| 260 | |a Hà Nội | ||
| 260 | |b Xây Dựng | ||
| 260 | |c 2003 | ||
| 520 | |a Sách trình bày tóm tắt lý luận cơ bản về nước chảy và nối tiếp dòng chảy giữa thượng hạ lưu công trình, tiêu năng ở hạ lưu với nhiều hình thức khác nhau và một số kiến thức tổng quát về xói không không dự báo trước. | ||
| 650 | |a Hydraulic engineering,Drainage | ||
| 904 | |i Trọng Hải | ||
| 980 | |a Trung tâm Học liệu Trường Đại học Cần Thơ | ||